Μεθοδολογία σχεδιασμού προϊόντων και υπηρεσιών μιας τράπεζας : καταγραφή ροών προϊόντων : πτυχιακή εργασία

Αποθηκεύτηκε σε:
Λεπτομέρειες βιβλιογραφικής εγγραφής
Κύριος συγγραφέας: Ζούπαλης, Θεόδωρος
Συγγραφή απο Οργανισμό/Αρχή: Πανεπιστήμιο Αιγαίου Σχολή Επιστημών της Διοίκησης Τμήμα Διοίκησης Επιχειρήσεων - Τ.Δ.Ε
Άλλοι συγγραφείς: Μαύρη, Μαρία (Εισηγητής διατριβής)
Μορφή: Thesis Βιβλίο
Γλώσσα:Greek
Δημοσίευση: 2013
Θέματα:
Διαθέσιμο Online:http://hdl.handle.net/11610/6580
Ετικέτες: Προσθήκη ετικέτας
Δεν υπάρχουν, Καταχωρήστε ετικέτα πρώτοι!

MARC

LEADER 00000cam a2200000 i 4500
001 1/64865
008 150123s2013 gre d
035 |l 10120673 
040 |a GR-MY-UA  |b gre  |e aacr 
041 0 |a gre 
082 0 |a 658.562  |2 (23) 
100 1 |a Ζούπαλης, Θεόδωρος. 
245 1 0 |a Μεθοδολογία σχεδιασμού προϊόντων και υπηρεσιών μιας τράπεζας :  |b καταγραφή ροών προϊόντων : πτυχιακή εργασία /  |c Ζούπαλης Θεόδωρος ; επιβλέπουσα καθηγήτρια: Μαύρη Μάνια 
260 |c 2013 
300 |a 103 σ.;  |b πίν.;  |c 30 εκ. 
502 # # |a Πτυχιακή εργασία – Πανεπιστήμιο Αιγαίου, Χίος, 2013. 
504 |a Περιλαμβάνει βιβλιογραφία 
650 0 0 |a Total quality management. 
650 0 0 |a Quality control. 
650 0 0 |a Just-in-time systems. 
650 0 0 |a Production control. 
650 0 0 |a Banks and banking. 
650 0 0 |a Dissertations, Academic  |z Greece. 
700 0 |4 ths  |a Μαύρη, Μαρία. 
710 1 |a Πανεπιστήμιο Αιγαίου  |b Σχολή Επιστημών της Διοίκησης  |b Τμήμα Διοίκησης Επιχειρήσεων - Τ.Δ.Ε. 
852 |a INST  |b CHIOS  |c DIATR  |e 20150126  |h 658.562 ΖΟΥ  |p 005200034861  |q 005200034861  |t DIE  |y 23 
852 |a INST  |b CHIOS  |c DIATR  |e 20150123  |h 658.562 ΖΟΥ  |p 005200034862  |q 005200034862  |t DIE  |y 23 
856 |u http://hdl.handle.net/11610/6580 
901 |a BIBL2-2015-1 
909 |a Χ  |b 179605 
909 |a Χ  |b 179606 
924 |a ΖΟΥΠΑΛΗΣ  |b ΘΕΟΔΩΡΟΣ  |y ΧΙΟΣ  |z 2013-03 
970 |a ΠΑΡΟΙΚΑΚΗ  |b ΒΑΣΙΛΙΚΗ  |z 2015/01/23